000 00875nas a2200277 4500
001 BR2012002720
003 BR-BrBNA
005 20231205120423.0
007 ta
008 230509b bl.|||p| |||| 00| 00por d
040 _aBR-BrBNA
_bpor
_cBiblioteca Nacional de Agricultura
041 _a(Pt)
072 _aF70
100 1 _aNervo, M.H.
100 1 _aWindisch, P.G.
245 1 _aOcorrência de Pityrogramma trifoliata (L.)R.M. Tryon (Pteridaceae)no estado do Rio Grande do Sul, Brasil
650 _aTAXONOMIA VEGETAL
650 _aRIO GRANDE DO SUL
650 _aBIODIVERSIDADE
650 _aBOTÂNICA
650 _aPTERIDÓFITA
650 _aDISTRIBUIÇÃO GEOGRÁFICA
773 0 _tIheringia. Série Botânica (Brazil)
_xISSN 0073-4705
_g(Dec 2010), v. 65 (2) p. 291-293
_wBR2012002720
909 _a202311
_bLúcia
_c55
_dLúcia Elande
942 _2AGRIS
_n0
_cANA
999 _c218408
_d218408